000
00270 a2200145 4500
001
173599
020
_a
040
_c
Magnum
100
_a
Duboc, Jane
240
1
0
_a
Bia e buze
_l
por
245
1
0
_a
Bia e buze
362
0
_a
1899
697
_a
IJ/TEATRO
942
_c
BK
999
_c
173599
_d
173599